| 000 | 00564nam a2200241Ia 4500 | ||
|---|---|---|---|
| 003 | OSt | ||
| 005 | 20220912152226.0 | ||
| 006 | a|||||r|||| 00| 0 | ||
| 007 | ta | ||
| 008 | 220909b |||||||| |||| 00| 0 eng d | ||
| 024 | _a56829 | ||
| 037 | _cTextual | ||
| 040 |
_aCSL _beng _cCSL |
||
| 041 | _aeng | ||
| 082 | _aJ16:42, K6 CS | ||
| 100 | _aHarada Jiro | ||
| 245 | 0 | _aJapanese gardens | |
| 260 | _c1966 | ||
| 300 |
_ap. _ccm. |
||
| 650 | _aAgriculture | ||
| 942 |
_hJ16:42, K6 CS _cTEXL _2CC |
||
| 999 |
_c82577 _d82577 |
||